000 00802nam0a22002531 4500
001 v19\rc\1714481
005 20260405093424.0
035 _a(NLR Aleph) 005230793
090 _a5603184
_c5603184
100 _a20061002d1900 |||y0rusy50 ca
101 1 _arus
_cfre
102 _aRU
105 _ay z |||||
200 1 _aБрак и безбрачие
_eПер. с 127-го фр. изд.
_fД-р А. Дебэ
210 _aМосква
_cЖиварев
_d1900
215 _a64 с.
_d23
700 1 _8rus
_7ca
_aДебе
_bО.
_f1802-1890
_gОгюст
_3RU\NLR\AUTH\7734353
_917357
801 0 _aRU
_bNLR
_c20061002
_gpsbo
801 0 _aRU
_bRuMoRGB
_c20061002
_2psbo
801 1 _aRU
_bProSoft-M
_c20061002
_2rusmarc
801 2 _aRU
_bNLR
_c20121122
_2rusmarc
852 _aNLR
_j20.59.1.260
942 _cBOOK
980 _aNB